000 00534nam a2200217Ia 4500
003 0100
008 130303s9999 xx 000 0 und d
020 _a0314931619
040 _cARRUPELIB
050 _aBJ1025.C55 1986
100 _aClark ,Ralph W
245 _aIntroduction to moral reasoning
245 _bapplying basic moral principles to selected readings
260 _aNew York
260 _bWest Publishing Co.
260 _C1986
300 _axvii
300 _b404p. 25cm.
650 _aETHICS
942 0 0 _01
999 _c22814
_d22814